A practical handbook of seawater analysis
Zapisane w:
| 1. autor: | |
|---|---|
| Format: | Książka |
| Język: | Undetermined |
| Wydane: |
Ottawa
Queen’s Printer
1968
|
| Hasła przedmiotowe: | |
| Etykiety: |
Dodaj etykietę
Nie ma etykietki, Dołącz pierwszą etykiete!
|
| Thư viện lưu trữ: | Trung tâm Học liệu Trường Đại học Cần Thơ |
|---|
| LEADER | 00535nam a2200193Ia 4500 | ||
|---|---|---|---|
| 001 | CTU_150029 | ||
| 008 | 210402s9999 xx 000 0 und d | ||
| 082 | |a 551.4601 | ||
| 082 | |b S917 | ||
| 100 | |a Strickland, J. D. H. | ||
| 245 | 2 | |a A practical handbook of seawater analysis | |
| 245 | 0 | |c by J. D. H. Strickland and T. R. Parsons. | |
| 260 | |a Ottawa | ||
| 260 | |b Queen’s Printer | ||
| 260 | |c 1968 | ||
| 650 | |a Seawater | ||
| 650 | |x Analysis. | ||
| 904 | |i Năm | ||
| 980 | |a Trung tâm Học liệu Trường Đại học Cần Thơ | ||